=LDR 00000nam 2200000 4500 =001 INLIS000000000031618 =005 20130612133659 =008 ***********************************ind** =035 ##$$0010-061300000031618 =041 ##$$a ind =082 ##$$a F Rom K =090 ##$$a F Rom K, Akb, a =100 ##$$a AKBAR, Rasyid =245 ##$$a Awas Matamu, Rasyid Akbar ; Penyunting,Helmi =250 ##$$a Seri Pengantar Tidur. 7 =260 ##$$a 2008 $b Jakarta =300 ##$$a 20 hlm, Ilus, 21 Cm =650 ##$$a FIKSI KANAK_KANAK =700 ##$$a Helmi =850 ##$$a NBPNMAT